Statistiken für Filmrolle zu Schauspieler/in (2)

Klicken Sie hier um das Quiz zu spielen!

Allgemein

  • Dieses Quiz wurde 714 mal gespielt
  • Das Durchschnittsergebnis liegt bei 8 aus 15

Antwortstatistiken

Schauspieler/inFilmrolleFilmrolleFilmrolleFilmrolle% Korrekt
Keanu ReevesJohn WickKaiJohn ConstantineNeo
84%
Jennifer LawrenceDominika EgorovaKatniss EverdeenAurora LaneRaven / Mystique
75%
Sylvester StalloneBarney "The Schizo" RossRocky BalboaJohn J. RamboDet. John Spartan
69%
Chris PrattStar-LordOwen GreyEmmetJim Preston
65%
Will SmithCaptain Steven HillerAgent JJohn HancockFloyd Lawton / Deadshot
61%
Robin WilliamsAlan ParrishTeddy RosseveltDschinniDaniel Hillard / Mrs. Euphegenia Doubtfire
54%
Jackie ChanMr. HanChon WangChief Inspector LeePassepartout / Lau Xing
52%
Ben AffleckBruce Wayne / BatmanChristian WolffMatt Murdock / DaredevilNick Dunne
50%
Jim CarreyEdward Nigma / The RiddlerBruce NolanAce VenturaTruman Burbank
49%
Jamie FoxxNathaniel AyersNicoDjango FreemanJames W. Sawyer
46%
Rami MalekLouis DegaAhkmenrahFreddie MercuryElliot Alderson / Mr. Robot
41%
Brie LarsonMason WeaverCarol Denvers / Captain Marvel / VersJoy "Ma" NewsomeMolly Tracy
38%
Jason StathamJonas TylorLee ChristmasDeckard ShawFrank Martin
37%
Zoe SaldanaNeytiriLt. Nyota UhuraLena TaylorGamora
35%
Jake GyllenhaalPrinz DastanQuentin Beck / MysterioJack TwistMorf Vandewalt
28%

Verteilung der Resultate

Perzentil nach korrekt beantworteten Fragen

Anzahl Personen mit jedem Resultat

Ihre Resultats-Entwicklung

Sie haben dieses Quiz noch nicht gespielt